000 00650nam a2200241Ia 4500
005 20251020182613.0
008 200515s9999 xx 000 0 und d
082 _aSC/69.032:711(094.7)/V32
100 _aVásquez Bustamante, Oscar
245 0 _aTodo sobre Norma Técnica Metrados para obras de Edififcación y Habilitaciones Urbanas
250 _a1a ed.
260 _aLima
260 _bARQUICO ; CINCISAC
260 _c2014
300 _a166 p.
300 _bil., col., tbl., graf.
500 _a1 ejemplar
650 _aHABILITACIONES URBANAS
650 _aMETRADOS
650 _aNORMAS TECNICAS
942 _cLIB
999 _c3403
_d3403